Hiệu quả của vi khuẩn cố định đạm và vi khuẩn hòa tan lân lên giống lúa VĐ 20 trồng trên đất Phù Sa ở huyện Cờ Đỏ, thành phố Cần Thơ : Luận văn Thạc sĩ Khoa học. Chuyên ngành: Sinh thái học

Giới thiệu sơ lược về cây lúa, vi khuẩn cố định đạm, và vi khuẩn hòa tan phương pháp thí nghiệm tuyển chọn dòng vi khuẩn Pseudomonas trên giống lúa VĐ 20 trồng trên đất phù sa ở huyện Cờ Đỏ, thành phố Cần Thơ....

Disgrifiad llawn

Wedi'i Gadw mewn:
Manylion Llyfryddiaeth
Prif Awdur: Trần, Thị Kiều Thu
Fformat: Llyfr
Iaith:Undetermined
Cyhoeddwyd: Cần Thơ Đại học Cần Thơ 2011
Pynciau:
Tagiau: Ychwanegu Tag
Dim Tagiau, Byddwch y cyntaf i dagio'r cofnod hwn!
Thư viện lưu trữ: Trung tâm Học liệu Trường Đại học Cần Thơ
LEADER 01362nam a2200229Ia 4500
001 CTU_170710
008 210402s9999 xx 000 0 und d
082 |a 633.18 
082 |b Th500 
088 |a 60420120 
100 |a Trần, Thị Kiều Thu 
245 0 |a Hiệu quả của vi khuẩn cố định đạm và vi khuẩn hòa tan lân lên giống lúa VĐ 20 trồng trên đất Phù Sa ở huyện Cờ Đỏ, thành phố Cần Thơ : 
245 0 |b Luận văn Thạc sĩ Khoa học. Chuyên ngành: Sinh thái học 
245 0 |c Trần Thị Kiều Thu ; Huỳnh Thu Hòa, Nguyễn Hữu Hiệp (Hướng dẫn Khoa học) 
260 |a Cần Thơ 
260 |b Đại học Cần Thơ 
260 |c 2011 
520 |a Giới thiệu sơ lược về cây lúa, vi khuẩn cố định đạm, và vi khuẩn hòa tan phương pháp thí nghiệm tuyển chọn dòng vi khuẩn Pseudomonas trên giống lúa VĐ 20 trồng trên đất phù sa ở huyện Cờ Đỏ, thành phố Cần Thơ. 
650 |a Rice,Biotechnology,Cây lúa,Công nghệ sinh học,Microbiology,Vi khuẩn 
650 |x Experiments,Sự thí nghiệm 
904 |i Năm 
980 |a Trung tâm Học liệu Trường Đại học Cần Thơ